Innovate : how to gain and sustain competitive advantage
| Main Author: | |
|---|---|
| Format: | Book |
| Published: |
Oxford :
Basil Blackwell ,
1988
|
| Subjects: |
MARC
| LEADER | 00000cam a2200000 7i4500 | ||
|---|---|---|---|
| 001 | 0000005344 | ||
| 002 | 000005773 | ||
| 005 | 20080722.0 | ||
| 020 | |a 0631164480 | ||
| 090 | 0 | 0 | |a 658.4094 |b OHA |
| 100 | 1 | |a O'hare, Mark | |
| 245 | 1 | 0 | |a Innovate : |b how to gain and sustain competitive advantage |c Mark O'Hare |
| 260 | |a Oxford : |b Basil Blackwell , |c 1988 | ||
| 300 | |a 248p. ; |c 20cm. | ||
| 500 | |a Library has 2 copies | ||
| 650 | 0 | 0 | |a Creative ability in business |
| 999 | |a 032865 |b BUKU |c PINJAMAN |e PERPUSTAKAAN KOMUNITI PETALING JAYA | ||